|
|
|
|
| LEADER |
00000cam a2200000 7i4500 |
| 001 |
0000008347 |
| 002 |
000009099 |
| 005 |
20010213.0 |
| 020 |
|
|
|a 0201570718
|
| 090 |
0 |
0 |
|a 616.8914
|b MIT
|
| 100 |
1 |
|
|a Mithers, Carol Lynn
|
| 245 |
1 |
0 |
|a Therapy gone mad :
|b the true story of hundreds of patients and a generation betrayed
|c Carol Lynn Mithers
|
| 260 |
|
|
|a Reading,Massachusetts :
|b Addison-Wesley Publishing Co. ,
|c 1994
|
| 300 |
|
|
|a 419 p. ;
|c 23 cm.
|
| 650 |
0 |
0 |
|a Center for feeling therapy
|
| 650 |
0 |
0 |
|a Feeling therapy
|
| 700 |
1 |
|
|a Corriere, Richard
|
| 999 |
|
|
|a 042432
|b BUKU
|c PINJAMAN
|e PERPUSTAKAAN KOMUNITI PETALING JAYA
|